Statistics for Crack the Code! Countries

Click here to take the quiz!

General Stats

  • This quiz has been taken 70 times
  • The average score is 11 of 15

Answer Stats

Hint 1Hint 2Hint 3Hint 4Answer% Correct
Lyon - LOMaple Leaf - NIMumbai - AHJohannesburg - IAFrance - Louis XIV
86%
Elizabeth II - SCCape Town - ETSicily - VIAlentejo - ANUK - Scotland
84%
Alexandria - PYBelo Horizonte - OPCanberra - ARCopacabana - LOEgypt - Pyramids
79%
Kremlin - VLHyderabad - JMZulu - ORBirmingham - NDRussia - Vladimir
79%
Bollywood - TAHan - NGGiza - MIVatican City - USIndia - Taj Mahal
77%
Down Under - KASeattle - BRMarajo - AUCleopatra - DSAustralia - Kangaroo
75%
Yangtze - HOKoala - NGYukon - TOTasmania - OOChina - Hong Kong
75%
Rome - VEPorto - GESt Petersburg - IMCN Tower- BAItaly - Vesuvius
73%
Bloemfontein - PRSiberia - ADDover - LABaja California - UZSouth Africa - Pretoria
73%
Kentucky - NEYucatan - RABali - WEHainan - NGUSA - Nebraska
73%
Ottawa - MAPisa - SUMandarin - KOJakarta - SICanada - Manitoba
70%
Amazon - SASumatra - LACorsica - SXThe White House - KABrazil - Sao Paulo
63%
Azores - MABig Ben - OTIberia - LLDunkirk - IVPortugal - Magellan
61%
Chichen Itza - VETutankhamun - RADeath Valley - ASMoscow - IRMexico - Veracruz
59%
Borobudur - SULoire - UICancun - CRHindi - ALIndonesia - Sulawesi
55%

Score Distribution

Percentile by Number Answered

Percent of People with Each Score

Your Score History

You have not taken this quiz